TheTeacher-Curriculum Encounter / (Record no. 1188)
| 000 -LEADER | |
|---|---|
| fixed length control field | 00564nam a22001817a 4500 |
| 003 - CONTROL NUMBER IDENTIFIER | |
| control field | OSt |
| 005 - DATE AND TIME OF LATEST TRANSACTION | |
| control field | 20140116120847.0 |
| 008 - FIXED-LENGTH DATA ELEMENTS--GENERAL INFORMATION | |
| fixed length control field | 130801b xxu||||| |||| 00| 0 eng d |
| 020 ## - INTERNATIONAL STANDARD BOOK NUMBER | |
| International Standard Book Number | 9780791403761 |
| 050 ## - LIBRARY OF CONGRESS CALL NUMBER | |
| Classification number | LB2806.15.B46 1990 |
| 100 ## - MAIN ENTRY--PERSONAL NAME | |
| Personal name | Ben-Peretz, Miriam |
| 245 ## - TITLE STATEMENT | |
| Title | TheTeacher-Curriculum Encounter / |
| Statement of responsibility, etc | Miriam, Ben-Peretz , |
| 260 ## - PUBLICATION, DISTRIBUTION, ETC. (IMPRINT) | |
| Place of publication, distribution, etc | Allbany : |
| Name of publisher, distributor, etc | State University of New York Pres, |
| Date of publication, distribution, etc | 1990 . |
| 300 ## - PHYSICAL DESCRIPTION | |
| Extent | p82 |
| 504 ## - BIBLIOGRAPHY, ETC. NOTE | |
| Bibliography, etc | Includes biblio |
| 650 ## - SUBJECT ADDED ENTRY--TOPICAL TERM | |
| Topical term or geographic name as entry element | Curriculum planning. |
| Form subdivision | Curriculum Development |
| Source of heading or term | Teachers -- Training of |
| 942 ## - ADDED ENTRY ELEMENTS (KOHA) | |
| Source of classification or shelving scheme | |
| Koha item type | Electronic Book |
| Withdrawn status | Lost status | Source of classification or shelving scheme | Damaged status | Not for loan | Home library | Current library | Date acquired | Total Checkouts | Date last seen | Price effective from | Koha item type |
|---|---|---|---|---|---|---|---|---|---|---|---|
| Riara University Library | Riara University Library | 01/08/2013 | 01/08/2013 | 01/08/2013 | Book |
